Bird groups according to Stiller, J., Feng, S.,Chowdhury, AA. et al. - Statistics

General Stats
  • This quiz has been taken 14 times
    3 since last reset
  • The average score is 19 of 44
Answer Stats
Answer % Correct
Elementaves Aegotheliformes
67%
Elementaves Apodiformes
67%
Elementaves Caprimulgiformes
67%
Elementaves Charadriiformes
67%
Columbaves Columbiformes
67%
Elementaves Eurypygiformes
67%
Elementaves Gaviiformes
67%
Elementaves Gruiformes
67%
Elementaves Opisthocomiformes
67%
Elementaves Pelecaniformes
67%
Elementaves Phaethontiformes
67%
Elementaves Podargiformes
67%
Elementaves Procellariformes
67%
Elementaves Sphenisciformes
67%
Elementaves Steatornithiformes
67%
Elementaves Suliformes
67%
Afroaves Accipitriformes
33%
Galloanseres Anseriformes
33%
Palaeognathae Apterygiformes
33%
Afroaves Bucerotiformes
33%
Palaeognathae Casuariiformes
33%
Elementaves Ciconiiformes
33%
Afroaves Coraciiformes
33%
Columbaves Cuculiformes
33%
Australaves Falconiformes
33%
Galloanseres Galliformes
33%
Columbaves Musophagiformes
33%
Elementaves Nyctibiiformes
33%
Columbaves Otidiformes
33%
Australaves Passeriformes
33%
Mirandornithes Phoenicopteriformes
33%
Afroaves Piciformes
33%
Mirandornithes Podicipediformes
33%
Australaves Psittaciformes
33%
Columbaves Pterocliformes
33%
Palaeognathae Rheiformes
33%
Afroaves Strigiformes
33%
Palaeognathae Struthioniformes
33%
Palaeognathae Tinamiformes
33%
Afroaves Trogoniformes
33%
Australaves Cariamiformes
0%
Afroaves Coliiformes
0%
Afroaves Leptosomatiformes
0%
Columbaves Mesitornithiformes
0%
No matching quizzes found
Score Distribution
Percent of People with Each Score
Percentile by Number Answered
Your Score History
You have not taken this quiz since the last reset